Sự chuyển biến kinh tế - xã hội tỉnh Bình Dương 1945-2007

Tình hình kinh tế xã hội tỉnh Bình Dương thời kỳ trước 1945, sự chuyển biến kinh tế xã hội thời kì 1945 - 2007

Đã lưu trong:
Bibliografiske detaljer
Hovedforfatter: Nguyễn, Văn Hiệp
Format: Bog
Sprog:Undetermined
Udgivet: Hà Nội Chính Trị Quốc Gia 2011
Fag:
Tags: Tilføj Tag
Ingen Tags, Vær først til at tagge denne postø!
Thư viện lưu trữ: Trung tâm Học liệu Trường Đại học Cần Thơ
LEADER 00799nam a2200205Ia 4500
001 CTU_180075
008 210402s9999 xx 000 0 und d
082 |a 330.9597 
082 |b H307 
100 |a Nguyễn, Văn Hiệp 
245 0 |a Sự chuyển biến kinh tế - xã hội tỉnh Bình Dương 1945-2007 
245 0 |c Nguyễn Văn Hiệp 
260 |a Hà Nội 
260 |b Chính Trị Quốc Gia 
260 |c 2011 
520 |a Tình hình kinh tế xã hội tỉnh Bình Dương thời kỳ trước 1945, sự chuyển biến kinh tế xã hội thời kì 1945 - 2007 
650 |a Economics,Kinh tế 
650 |x Society,Xã hội 
904 |i Như 
980 |a Trung tâm Học liệu Trường Đại học Cần Thơ